| 000 | 00897nam a22001937a 4500 | ||
|---|---|---|---|
| 999 |
_c21385 _d21385 |
||
| 008 | 240906b ||||| |||| 00| 0 eng d | ||
| 082 | _aDPer 621.317 Ie21 December 2022 v.37 n. 12 part 1&2. | ||
| 100 |
_aHuo, Junya. _eauthor. _960323 |
||
| 245 |
_aAn active damping control method for reduced dc-link capacitance pmsm drives with low line inductance / _cJunya Huo, Nannan Zhao, Gaolin Wang, Guoqiang Zhang, Lianghong Zhu, and Dianguo Xu. |
||
| 260 |
_aNew York; _bThe Institute of Electrical and Electronics Engineers, Inc., _cDecember 2022. |
||
| 300 |
_avolume 37, pages 14328-14342, _billustration. |
||
| 700 |
_aHuo, Junya. _eauthor. _960323 |
||
| 700 |
_aZhao, Nannan. _eauthor. _960324 |
||
| 700 |
_aWang, Gaolin. _eauthor. _960325 |
||
| 700 |
_aZhang, Guoqiang. _eauthor. _960326 |
||
| 700 |
_aZhu, Lianghong. _eauthor. _960327 |
||
| 700 |
_aXu, Dianguo. _eauthor. _960328 |
||
| 942 |
_2ddc _cPER |
||